[Event "54th Groningen Open 2016"]
[Site "Groningen NED"]
[Date "2016.12.26"]
[Round "5.10"]
[White "Schoppen, Casper"]
[Black "Lai, Hing Ting"]
[Result "1/2-1/2"]
[BlackTitle "FM"]
[WhiteElo "2337"]
[BlackElo "2409"]
[WhiteFideId "1046730"]
[BlackFideId "1038257"]
[EventDate "2016.12.21"]

1. d4 Nf6 2. c4 e6 3. g3 d5 4. Nf3 Be7 5. Bg2 O-O 6. O-O c6 7. Qc2 b6 8. Rd1 Bb7
9. Nc3 Na6 10. b3 Qc8 11. e4 Nb4 12. Qe2 Nxe4 13. Nxe4 dxe4 14. Qxe4 c5 15. Qe2
cxd4 16. Nxd4 Bxg2 17. Kxg2 Nc6 18. Bb2 Nxd4 19. Bxd4 Qc6+ 20. Qf3 Qxf3+ 21.
Kxf3 Rfd8 22. Ke2 f6 23. Rac1 Ba3 24. Rc2 Kf7 25. f4 Rd7 26. Rcd2 Rc8 27. Bf2
Rxd2+ 28. Rxd2 Ke7 29. Kf3 Rc6 30. g4 g6 31. h3 a6 32. Rc2 a5 33. Rd2 Bb4 34.
Rd1 Bc5 35. Be1 Rd6 36. Rxd6 Kxd6 37. Bc3 f5 38. Be5+ Ke7 39. gxf5 exf5 40. Ke2
Kd7 41. Kd3 Kc6 1/2-1/2

[Event "54th Groningen Open 2016"]
[Site "Groningen NED"]
[Date "2016.12.26"]
[Round "5.11"]
[White "Anwesh, Upadhyaya"]
[Black "Maatman, Nick"]
[Result "1/2-1/2"]
[WhiteTitle "IM"]
[BlackTitle "FM"]
[WhiteElo "2386"]
[BlackElo "2319"]
[WhiteFideId "5028949"]
[BlackFideId "1040391"]
[EventDate "2016.12.21"]

1. Nf3 Nf6 2. g3 d5 3. Bg2 e6 4. O-O Be7 5. c4 O-O 6. b3 c5 7. Bb2 d4 8. e3 Nc6
9. exd4 cxd4 10. Re1 Rb8 11. Na3 Nd7 12. Nc2 e5 13. a3 b5 14. cxb5 Rxb5 15. b4
d3 16. Ne3 e4 17. Nd4 Nxd4 18. Bxd4 Bf6 19. Bxf6 Nxf6 20. Qa4 Qb6 21. Rac1 Bb7
22. Rc4 Qd6 23. Rec1 Qe5 24. Qd1 Qb2 25. R4c3 Nd5 26. Nxd5 Bxd5 27. Rb1 Qa2 28.
Ra1 Qb2 29. Rb1 Qa2 30. Ra1 Qb2 31. Rb1 1/2-1/2

[Event "54th Groningen Open 2016"]
[Site "Groningen NED"]
[Date "2016.12.26"]
[Round "5.13"]
[White "Colijn, Stefan"]
[Black "Ernst, Sipke"]
[Result "0-1"]
[WhiteTitle "FM"]
[BlackTitle "GM"]
[WhiteElo "2330"]
[BlackElo "2554"]
[WhiteFideId "1016199"]
[BlackFideId "1004689"]
[EventDate "2016.12.21"]

1. d4 Nf6 2. g3 d5 3. Bg2 c5 4. Nf3 cxd4 5. O-O Bg4 6. Qxd4 Nc6 7. Qa4 Qa5 8.
Qxa5 Nxa5 9. Nbd2 Rc8 10. c3 Nc6 11. h3 Bf5 12. c4 d4 13. g4 Bd7 14. Nb3 e5 15.
e3 d3 16. Rd1 Be6 17. Nbd2 h5 18. g5 Nd7 19. b3 f5 20. Bb2 Bc5 21. e4 O-O 22. a3
Be7 23. h4 fxe4 24. Nxe4 Rf4 25. Re1 Rcf8 26. Ned2 Bg4 27. Nxe5 Ndxe5 28. Bxe5
Rxf2 29. Bd5+ Kh7 30. Bc3 Bc5 31. Ne4 Rf1+ 32. Kg2 R8f2+ 33. Nxf2 Rxf2+ 34. Kg3
Rc2 35. Be4+ g6 36. Bf6 Bd6+ 0-1

[Event "54th Groningen Open 2016"]
[Site "Groningen NED"]
[Date "2016.12.26"]
[Round "5.14"]
[White "Rakotomaharo, Fy Antenaina"]
[Black "Xiang, Zeyu"]
[Result "0-1"]
[WhiteTitle "FM"]
[WhiteElo "2446"]
[BlackElo "2310"]
[WhiteFideId "13100050"]
[BlackFideId "8608547"]
[EventDate "2016.12.21"]

1. d4 d5 2. c4 c6 3. Nc3 Nf6 4. Nf3 e6 5. Bg5 h6 6. Bxf6 Qxf6 7. e3 Nd7 8. Bd3
Bb4 9. O-O O-O 10. Rc1 Rd8 11. Qb3 Bf8 12. a4 b6 13. Rfe1 Bb7 14. cxd5 cxd5 15.
a5 Rac8 16. a6 Bc6 17. Nb5 Bxb5 18. Bxb5 Nb8 19. Rc3 Bd6 20. Rec1 Rxc3 21. Qxc3
Qe7 22. Ne5 f6 23. Nd3 Kf7 24. f3 Kg8 25. e4 dxe4 26. fxe4 e5 27. d5 f5 28. Qc4
Nd7 29. Bxd7 Rxd7 30. Qa4 b5 31. Qxb5 fxe4 32. Nf2 Rc7 33. Rc6 e3 34. Ne4 Qh4
35. Ng3 Qe4 36. Qe2 Qxd5 37. Rxc7 Bxc7 38. Qg4 Bb6 39. Qc8+ Kh7 40. Qc2+ e4 41.
Kf1 Qd3+ 42. Qe2 Qb1+ 43. Qe1 Qxb2 44. Nxe4 Qb5+ 45. Kg1 e2+ 46. Kh1 Ba5 0-1

[Event "54th Groningen Open 2016"]
[Site "Groningen NED"]
[Date "2016.12.26"]
[Round "5.16"]
[White "Warmerdam, Max"]
[Black "Wacker, Peter"]
[Result "1-0"]
[WhiteTitle "FM"]
[BlackTitle "FM"]
[WhiteElo "2347"]
[BlackElo "2306"]
[WhiteFideId "1048104"]
[BlackFideId "4615751"]
[EventDate "2016.12.21"]

1. e4 e5 2. Nf3 Nc6 3. Bb5 Nge7 4. c3 d5 5. Qe2 dxe4 6. Qxe4 f5 7. Qxe5 a6 8.
Bxc6+ bxc6 9. d4 Qd6 10. Bf4 Qxe5+ 11. Bxe5 Kd8 12. Ng5 Kd7 13. Nd2 Ng6 14. Ndf3
h6 15. Nh3 Rg8 16. O-O-O Bd6 17. Rhe1 a5 18. Re3 a4 19. Bxd6 cxd6 20. Rde1 Kc7
21. Nd2 Bd7 22. f3 Rae8 23. Rxe8 Rxe8 24. Rxe8 Bxe8 25. g3 Bf7 26. a3 c5 27.
dxc5 dxc5 28. f4 Ne7 29. Nf3 Bd5 30. Ne5 Kd6 31. Nf2 g5 32. c4 gxf4 33. gxf4 Be6
34. Kc2 Ng8 35. b3 axb3+ 36. Kxb3 Nf6 37. Kc3 Nh5 38. Ned3 Bd7 39. Kd2 Be6 40.
Kc3 Bd7 41. Nh1 Nf6 42. Ng3 Ne4+ 43. Nxe4+ fxe4 44. Nf2 e3 45. Ne4+ Kc6 46. Kd3
Be6 47. Nc3 Kb6 48. Nd5+ Ka5 49. Nxe3 Ka4 50. f5 Bf7 51. Kc3 1-0

[Event "54th Groningen Open 2016"]
[Site "Groningen NED"]
[Date "2016.12.26"]
[Round "5.18"]
[White "Van Meegen, Ruud"]
[Black "Vrolijk, Liam"]
[Result "1/2-1/2"]
[BlackTitle "FM"]
[WhiteElo "2183"]
[BlackElo "2332"]
[WhiteFideId "1034995"]
[BlackFideId "1048333"]
[EventDate "2016.12.21"]

1. d4 Nf6 2. c4 e6 3. Nf3 d5 4. Nc3 a6 5. cxd5 exd5 6. Bg5 Be7 7. e3 Nbd7 8. Qc2
Nf8 9. Bd3 g6 10. h4 c6 11. Ne5 Ne6 12. O-O-O Ng7 13. f3 Be6 14. g4 Qc7 1/2-1/2

[Event "54th Groningen Open 2016"]
[Site "Groningen NED"]
[Date "2016.12.26"]
[Round "5.19"]
[White "De Jong, Migchiel"]
[Black "Aradhya, Garg"]
[Result "1/2-1/2"]
[WhiteTitle "IM"]
[WhiteElo "2331"]
[BlackElo "2231"]
[WhiteFideId "1002848"]
[BlackFideId "25006746"]
[EventDate "2016.12.21"]

1. e4 e5 2. Nf3 Nc6 3. Bb5 a6 4. Ba4 Nf6 5. O-O b5 6. Bb3 Bc5 7. d3 d6 8. c3 h6
9. Nbd2 O-O 10. Re1 Ne7 11. d4 Bb6 12. h3 Ng6 13. Nf1 c5 14. Ng3 Re8 15. Bc2 Qc7
16. Be3 Bd7 17. Rc1 Be6 18. d5 Bd7 19. Qd2 Kh7 20. Nh2 c4 21. Nf5 Bxe3 22. fxe3
Bxf5 23. exf5 Ne7 24. e4 a5 25. g4 b4 26. Kh1 Reb8 27. Rg1 bxc3 28. bxc3 Rb2 29.
g5 Nxe4 30. f6 Ng6 31. Qe3 Nxg5 32. h4 gxf6 33. hxg5 hxg5 34. Bxg6+ fxg6 35.
Rcf1 Kg7 36. Rg2 Qb7 37. Rxb2 Qxb2 38. Ng4 Qc2 39. Kg1 f5 40. Qb6 Rf8 41. Qxd6
Qxc3 42. Qe7+ Rf7 43. Qxe5+ Qxe5 44. Nxe5 Re7 45. Nxc4 Re4 46. Rc1 Rd4 47. Nb6
Rd2 48. Kf1 f4 49. Ke1 Rd4 50. Rc4 Rxc4 51. Nxc4 Kf7 52. a4 g4 53. d6 Ke6 54.
Ke2 g5 55. Kf2 g3+ 56. Kf3 g4+ 57. Kg2 Kd7 58. Nxa5 Kxd6 59. Nb3 Kd5 60. Nd2 Kc5
61. Ne4+ Kb4 62. Nxg3 1/2-1/2

[Event "54th Groningen Open 2016"]
[Site "Groningen NED"]
[Date "2016.12.26"]
[Round "5.20"]
[White "Bao, Qilin"]
[Black "Chu, Ruotong"]
[Result "0-1"]
[WhiteElo "2331"]
[BlackElo "2106"]
[WhiteFideId "8605750"]
[BlackFideId "8605653"]
[EventDate "2016.12.21"]

1. Nf3 Nf6 2. b3 g6 3. Bb2 Bg7 4. g3 O-O 5. Bg2 c5 6. O-O d5 7. c4 d4 8. e3 Ne4
9. exd4 cxd4 10. d3 Nc3 11. Qd2 Nxb1 12. Raxb1 a5 13. a3 e5 14. Rfe1 Qc7 15. b4
Nd7 16. c5 Nb8 17. Ng5 Bd7 18. Qc2 Bc6 19. Ne4 Nd7 20. Bc1 Nf6 21. Nd6 Bxg2 22.
Kxg2 Nd7 23. Bg5 Rfb8 24. Kg1 Bf8 25. Ne4 h6 26. Nf6+ Nxf6 27. Bxf6 Re8 28. f4
exf4 29. Bxd4 fxg3 30. Qg2 gxh2+ 31. Kh1 Qd7 32. Qf2 axb4 33. Qf6 Qc6+ 34. Qxc6
bxc6 35. Rxe8 Rxe8 36. Rxb4 Ra8 37. a4 Bg7 38. Kxh2 Bxd4 39. Rxd4 Kf8 40. Kg3
Ra5 41. Rc4 Ke7 42. Kf4 Ke6 43. d4 Kd5 44. Rb4 Ra7 45. Ke3 g5 46. Rb8 Rxa4 47.
Rd8+ Kc4 48. Rd6 f5 49. Rxc6 Ra3+ 50. Kf2 Kxd4 51. Rxh6 Ke4 52. Rb6 Ra2+ 53. Kg3
f4+ 54. Kh3 Kf5 0-1

[Event "54th Groningen Open 2016"]
[Site "Groningen NED"]
[Date "2016.12.26"]
[Round "5.21"]
[White "Sparenberg, Erik"]
[Black "Krasenkow, Michal"]
[Result "0-1"]
[BlackTitle "GM"]
[WhiteElo "2119"]
[BlackElo "2626"]
[WhiteFideId "1013262"]
[BlackFideId "1113100"]
[EventDate "2016.12.21"]

1. d4 d6 2. Nf3 Nf6 3. g3 c6 4. Bg2 Bf5 5. O-O Nbd7 6. c4 e5 7. Nc3 Be7 8. b3
O-O 9. Bb2 Re8 10. Re1 a5 11. h3 h6 12. e4 Bh7 13. d5 Nc5 14. Nh2 cxd5 15. cxd5
b5 16. f3 b4 17. Ne2 Qb6 18. Kf1 a4 19. Ng4 Nh5 20. Nf2 f5 21. exf5 Bxf5 22. f4
exf4 23. g4 Ng3+ 24. Nxg3 fxg3 25. gxf5 gxf2 26. Re6 Nxe6 27. fxe6 Bf8 28. Qd3
axb3 29. Be4 Qa6 30. axb3 Qxa1+ 0-1

[Event "54th Groningen Open 2016"]
[Site "Groningen NED"]
[Date "2016.12.26"]
[Round "5.24"]
[White "Vos, Tjark"]
[Black "Chu, Wei Chao"]
[Result "0-1"]
[BlackTitle "IM"]
[WhiteElo "2183"]
[BlackElo "2281"]
[WhiteFideId "1020870"]
[BlackFideId "8605661"]
[EventDate "2016.12.21"]

1. e4 c5 2. Nf3 a6 3. c3 e6 4. d4 d5 5. exd5 exd5 6. Bd3 Bd6 7. dxc5 Bxc5 8. O-O
Ne7 9. Bf4 Nbc6 10. Nbd2 O-O 11. Qc2 Ng6 12. Bg3 f5 13. h3 f4 14. Bh2 Qf6 15.
Rad1 Kh8 16. Rfe1 Nge5 17. Nxe5 Nxe5 18. Bxh7 g6 19. Rxe5 Qxe5 20. Bxg6 Bxf2+
21. Kxf2 Qe3+ 22. Kf1 f3 23. Qd3 fxg2+ 24. Kxg2 Bxh3+ 25. Kh1 Qxd3 26. Bxd3 Rae8
27. Bg1 Bf5 28. Bd4+ Kh7 29. Bxf5+ Rxf5 30. Nf1 Rh5+ 31. Kg1 Rg5+ 32. Kf2 Rf5+
33. Kg1 Re7 34. b4 Rg5+ 35. Kh1 0-1

[Event "54th Groningen Open 2016"]
[Site "Groningen NED"]
[Date "2016.12.27"]
[Round "6.1"]
[White "Tiviakov, Sergei"]
[Black "Chigaev, Maksim"]
[Result "1-0"]
[WhiteTitle "GM"]
[BlackTitle "GM"]
[WhiteElo "2609"]
[BlackElo "2531"]
[WhiteFideId "1008013"]
[BlackFideId "4108116"]
[EventDate "2016.12.21"]

1. e4 c6 2. d4 d5 3. Nd2 dxe4 4. Nxe4 Bf5 5. Ng3 Bg6 6. Nh3 e6 7. Nf4 Bd6 8.
Ngh5 Bxh5 9. Nxh5 g6 10. Ng3 Qh4 11. c3 Nd7 12. Qf3 Ngf6 13. Ne2 e5 14. g3 Qg4
15. Qxg4 Nxg4 16. h3 Ngf6 17. Bg2 O-O-O 18. O-O Rde8 19. dxe5 Nxe5 20. Rd1 Kc7
21. Kf1 Ned7 22. Be3 Nb6 23. b3 Nbd5 24. Bd2 Ne4 25. Be1 f5 26. c4 Nb6 27. Rac1
Nd7 28. b4 Rhf8 29. c5 Be7 30. f3 Ng5 31. Nd4 Bf6 32. b5 Bxd4 33. Rxd4 f4 34.
bxc6 bxc6 35. h4 Ne6 36. Ba5+ Kc8 37. Rd6 Ndxc5 38. Bh3 Kb7 39. Bb4 Kc7 40. Rd2 1-0

[Event "54th Groningen Open 2016"]
[Site "Groningen NED"]
[Date "2016.12.27"]
[Round "6.2"]
[White "Bai, Jinshi"]
[Black "Ulybin, Mikhail"]
[Result "1-0"]
[WhiteTitle "GM"]
[BlackTitle "GM"]
[WhiteElo "2544"]
[BlackElo "2483"]
[WhiteFideId "8602280"]
[BlackFideId "4101405"]
[EventDate "2016.12.21"]

1. d4 e6 2. c4 f5 3. g3 Nf6 4. Bg2 d5 5. Nf3 Bd6 6. O-O c6 7. Qc2 O-O 8. Nc3 Bd7
9. Qb3 Qb6 10. c5 Qxb3 11. axb3 Bc7 12. Bf4 Bxf4 13. gxf4 Na6 14. Ne5 Nc7 15. f3
Be8 16. Kf2 a6 17. e3 Nd7 18. Nd3 Rd8 19. Rg1 Rf7 20. Bf1 Re7 21. Rg2 Kf8 22. h4
Nf6 23. Ne5 Nd7 24. Bd3 Nf6 25. Rh1 Kg8 26. Ke2 Bh5 27. Kd2 Be8 28. Rhg1 Kf8 29.
Kc2 Nb5 30. Bxb5 cxb5 31. Nd1 Rc8 32. Nf2 Rec7 33. Nfd3 Ra8 34. Kc3 a5 35. Ra1
Ra6 36. Rgg1 Rc8 37. b4 a4 38. Ra3 Rca8 39. Rga1 Ke7 40. b3 R8a7 41. Kb2 Ra8 42.
Nc1 Kd8 43. Ne2 axb3 44. Ra5 Nh5 45. Kxb3 Kc7 46. Nc3 R8a7 47. Nd3 Bc6 48. Ne1
Ra8 49. Nc2 Kd7 50. R5a2 Rxa2 51. Nxa2 Nf6 52. Na3 Ne8 53. Rg1 g6 54. h5 Nc7 55.
hxg6 hxg6 56. Rxg6 Rh8 57. Nc1 Rh2 58. Rg7+ Kd8 59. Nd3 Ne8 60. Rf7 Nc7 61. Ne5
Be8 62. Rg7 Re2 63. Nc2 Kc8 64. Rg8 Rf2 65. Kc3 Kd8 66. Nf7+ Ke7 67. Nd6 Bc6 68.
Rg7+ Kd8 69. Rg3 Ke7 70. Rh3 Kd8 71. Nf7+ Ke7 72. Rh7 Ne8 73. Ng5+ 1-0

[Event "54th Groningen Open 2016"]
[Site "Groningen NED"]
[Date "2016.12.27"]
[Round "6.3"]
[White "Liu, Guanchu"]
[Black "Ypma, Peter"]
[Result "1/2-1/2"]
[WhiteTitle "IM"]
[WhiteElo "2418"]
[BlackElo "2260"]
[WhiteFideId "8603901"]
[BlackFideId "1027255"]
[EventDate "2016.12.21"]

1. e4 b6 2. d4 Bb7 3. Nc3 e6 4. Bd3 Nf6 5. Nf3 Bb4 6. e5 Ne4 7. Bd2 Nxd2 8. Qxd2
Bxf3 9. gxf3 d5 10. a3 Bxc3 11. Qxc3 O-O 12. f4 f5 13. Bb5 Rf7 14. Bc6 Nxc6 15.
Qxc6 Qe8 16. Qxe8+ Rxe8 17. Rc1 c5 18. c4 dxc4 1/2-1/2

[Event "54th Groningen Open 2016"]
[Site "Groningen NED"]
[Date "2016.12.27"]
[Round "6.4"]
[White "Karthikeyan, P."]
[Black "Werle, Jan"]
[Result "1-0"]
[WhiteTitle "IM"]
[BlackTitle "GM"]
[WhiteElo "2474"]
[BlackElo "2560"]
[WhiteFideId "5018226"]
[BlackFideId "1006088"]
[EventDate "2016.12.21"]

1. Nf3 Nf6 2. c4 e6 3. g3 d5 4. Bg2 Be7 5. O-O O-O 6. b3 c5 7. cxd5 exd5 8. d4
Nc6 9. Bb2 Bg4 10. Nbd2 Re8 11. Ne5 Bh5 12. Ndf3 Rc8 13. Rc1 cxd4 14. Bh3 Rc7
15. Nxc6 bxc6 16. Nxd4 c5 17. Nf5 Bf8 18. Bxf6 Qxf6 19. Qxd5 Re5 20. Qa8 Rxf5
21. Rfd1 Re5 22. Rd8 Qe7 23. Qb8 Rxe2 24. Rxf8+ Qxf8 25. Qxc7 h6 26. Qxa7 Qd6
27. Bf1 Re5 28. a4 Bf3 29. Qa6 Qe7 30. Bg2 Qg5 31. Qc4 Re4 32. Qc3 Bxg2 33. Kxg2
Rb4 34. Qxc5 Qxc5 35. Rxc5 Rxb3 36. h4 g6 37. h5 Ra3 38. a5 Kg7 39. g4 Ra4 40.
Kg3 f5 41. Rc7+ Kg8 42. gxf5 gxh5 43. Ra7 Ra3+ 44. Kh4 Rf3 45. a6 Rxf5 46. Rb7 1-0

[Event "54th Groningen Open 2016"]
[Site "Groningen NED"]
[Date "2016.12.27"]
[Round "6.5"]
[White "Gleizerov, Evgeny"]
[Black "Popov, Mikhail"]
[Result "1-0"]
[WhiteTitle "GM"]
[BlackTitle "FM"]
[WhiteElo "2518"]
[BlackElo "2369"]
[WhiteFideId "4101332"]
[BlackFideId "4146182"]
[EventDate "2016.12.21"]

1. d4 Nf6 2. c4 g6 3. Nc3 Bg7 4. e4 d6 5. Nf3 O-O 6. Be2 e5 7. O-O Nc6 8. d5 Ne7
9. Nd2 Ne8 10. b4 f5 11. c5 Nf6 12. f3 f4 13. Nc4 g5 14. a4 Ng6 15. cxd6 cxd6
16. Nb5 Ne8 17. Bd2 Rf7 18. Be1 Bd7 19. Bf2 Qb8 20. Na5 Bf6 21. Na3 Bd8 22. Bb5
Nf6 23. Bxd7 Rxd7 24. Qe2 h5 25. Kh1 g4 26. Bg1 Rg7 27. Rac1 Nh4 28. N5c4 Nh7
29. Nb5 Be7 30. Nd2 Bf8 31. fxg4 hxg4 32. g3 Nf3 33. gxf4 Nxd2 34. Qxd2 g3 35.
hxg3 Nf6 36. Qe2 Ng4 37. Nc7 Be7 38. Ne6 Rh7+ 39. Kg2 Nf6 40. fxe5 dxe5 41. Bc5 1-0

[Event "54th Groningen Open 2016"]
[Site "Groningen NED"]
[Date "2016.12.27"]
[Round "6.6"]
[White "Ernst, Sipke"]
[Black "Zwirs, Nico"]
[Result "1-0"]
[WhiteTitle "GM"]
[WhiteElo "2554"]
[BlackElo "2388"]
[WhiteFideId "1004689"]
[BlackFideId "1036432"]
[EventDate "2016.12.21"]

1. d4 Nf6 2. g3 g6 3. Bg2 Bg7 4. e4 d6 5. Nc3 O-O 6. Nge2 e5 7. O-O Re8 8. dxe5
dxe5 9. Qxd8 Rxd8 10. Bg5 c6 11. Rfd1 Re8 12. Nc1 Na6 13. Nd3 Nd7 14. b4 Bf8 15.
Rab1 f6 16. Be3 Kg7 17. a4 Nb6 18. b5 cxb5 19. axb5 Nc7 20. Ra1 Be6 21. f4 Nc4
22. Bf2 b6 23. Ra4 Bf7 24. fxe5 fxe5 25. Nd5 Nxd5 26. exd5 Na5 27. c4 e4 28.
Bd4+ Kg8 29. Nf2 e3 30. Ne4 Nb3 31. Bxe3 Rxe4 32. Bxe4 Bc5 33. Rd3 Nc1 34. Bxc5
Nxd3 35. Bxd3 bxc5 36. Ra6 1-0

[Event "54th Groningen Open 2016"]
[Site "Groningen NED"]
[Date "2016.12.27"]
[Round "6.7"]
[White "Soumya, Swaminathan"]
[Black "Gao, Rui"]
[Result "0-1"]
[WhiteTitle "WGM"]
[BlackTitle "GM"]
[WhiteElo "2384"]
[BlackElo "2551"]
[WhiteFideId "5016193"]
[BlackFideId "8602387"]
[EventDate "2016.12.21"]

1. e4 c5 2. Nf3 d6 3. d4 cxd4 4. Nxd4 Nf6 5. Nc3 a6 6. Bg5 Nbd7 7. Qe2 h6 8. Bh4
g6 9. f4 e5 10. fxe5 dxe5 11. O-O-O Qc7 12. Nb3 b5 13. Qf3 Bg7 14. a3 Bb7 15. g4
Rc8 16. Bd3 Qb6 17. Rhf1 O-O 18. Be1 Qe6 19. h3 Nb6 20. Na5 Ba8 21. Kb1 Rc7 22.
Ne2 Rfc8 23. Ng3 Nfd7 24. Nb3 Nc4 25. Bb4 Ndb6 26. Na5 Bf8 27. Rg1 Bxb4 28. axb4
Kh7 29. Nxc4 bxc4 30. Be2 c3 31. Bxa6 Ra7 32. b5 Bb7 33. Rgf1 Bxa6 34. bxa6 Nc4
35. Qf6 Nd2+ 36. Kc1 Qa2 37. bxc3 Nb3+ 0-1

[Event "54th Groningen Open 2016"]
[Site "Groningen NED"]
[Date "2016.12.27"]
[Round "6.8"]
[White "Xiang, Zeyu"]
[Black "Deepan, Chakkravarthy J."]
[Result "0-1"]
[BlackTitle "GM"]
[WhiteElo "2310"]
[BlackElo "2471"]
[WhiteFideId "8608547"]
[BlackFideId "5011132"]
[EventDate "2016.12.21"]

1. d4 Nf6 2. c4 e6 3. Nf3 b6 4. g3 Ba6 5. b3 b5 6. Bg2 bxc4 7. Ne5 Bb4+ 8. Bd2
cxb3 9. axb3 Bxd2+ 10. Qxd2 d5 11. Nc3 O-O 12. O-O Qd6 13. Rfc1 c6 14. Ra5 Bb7
15. Rca1 Nbd7 16. Nd3 Rfe8 17. Rxa7 c5 18. Rxa8 Bxa8 19. dxc5 Nxc5 20. Nb5 Qb6
21. Nxc5 Qxc5 22. Qa5 Bc6 23. Nc3 Qxa5 24. Rxa5 Rb8 25. Ra3 Kf8 26. e3 Nd7 27.
Ne2 Nc5 28. Nd4 Bd7 29. f4 Ke7 30. Bf3 f6 31. Bd1 h6 32. Bc2 Kd6 33. Kf2 g5 34.
Nf3 e5 35. Ra1 Bc6 36. Ra7 Bd7 37. Ra5 Nxb3 38. Ra6+ Bc6 39. fxe5+ fxe5 40. Nxe5
Kxe5 41. Rxc6 Na5 42. Rc3 Rb2 43. Kf3 h5 44. h4 g4+ 45. Ke2 Nc4 46. Kd1 Ra2 47.
e4 Kd4 48. Rd3+ Kxe4 49. Rb3+ Kd4 50. Bg6 Ne5 51. Bxh5 Ke4 52. Rb6 d4 53. Bg6+
Nxg6 54. Rxg6 Rh2 55. Ra6 Ke3 56. Re6+ Kf3 57. Rd6 Rh1+ 58. Kd2 Kxg3 59. Rxd4
Kxh4 60. Rd8 Kh3 61. Ke2 g3 62. Rg8 Ra1 63. Kf3 Rf1+ 64. Ke2 Rf7 65. Rg6 Kg2 66.
Rg8 Re7+ 67. Kd2 Kf2 68. Rf8+ Kg1 69. Rg8 g2 70. Rg6 Re5 71. Rg8 Kf2 72. Rf8+
Kg3 73. Rg8+ Kf3 74. Rg7 Re4 0-1

[Event "54th Groningen Open 2016"]
[Site "Groningen NED"]
[Date "2016.12.27"]
[Round "6.9"]
[White "Ten Hertog, Hugo"]
[Black "Warmerdam, Max"]
[Result "1-0"]
[WhiteTitle "IM"]
[BlackTitle "FM"]
[WhiteElo "2453"]
[BlackElo "2347"]
[WhiteFideId "1026356"]
[BlackFideId "1048104"]
[EventDate "2016.12.21"]

1. g3 Nf6 2. Bg2 d5 3. d3 c6 4. Nc3 g6 5. Nf3 Bg7 6. O-O O-O 7. e4 d4 8. Ne2 c5
9. Ne1 Ne8 10. f4 f5 11. e5 Nc6 12. c3 dxc3 13. bxc3 Be6 14. Be3 c4 15. Nd4 Nxd4
16. Bxd4 Bd5 17. dxc4 Bxg2 18. Nxg2 Qc8 19. Ne3 e6 20. c5 b6 21. cxb6 axb6 22.
Qb3 Rf7 23. Rfb1 Bf8 24. Qxb6 Rc7 25. a4 Bc5 26. Bxc5 Rxc5 27. c4 Rca5 28. Rd1
R5a6 29. Qb4 Qc7 30. Rd4 Ra5 31. Kf2 Rb8 32. Qd2 Rba8 33. Rd7 Qc6 34. Rd8 Rxd8
35. Qxd8 Ra8 36. Qd1 Qc7 37. Qc2 Qc5 38. Qb3 g5 39. Qa3 Qd4 40. Rd1 Qe4 41. Qe7
gxf4 42. Qg5+ Ng7 43. gxf4 h6 44. Qxh6 Qb7 45. Rd2 Qc6 46. a5 Qc7 47. Qg5 Kf7
48. h4 Rxa5 49. h5 Qe7 50. Qxe7+ Kxe7 51. h6 Nh5 52. Kf3 Ra8 53. Rh2 1-0

[Event "54th Groningen Open 2016"]
[Site "Groningen NED"]
[Date "2016.12.27"]
[Round "6.10"]
[White "Maatman, Nick"]
[Black "Lai, Hing Ting"]
[Result "1/2-1/2"]
[WhiteTitle "FM"]
[BlackTitle "FM"]
[WhiteElo "2319"]
[BlackElo "2409"]
[WhiteFideId "1040391"]
[BlackFideId "1038257"]
[EventDate "2016.12.21"]

1. d4 Nf6 2. c4 e6 3. g3 d5 4. Bg2 Be7 5. Nf3 O-O 6. O-O dxc4 7. Qc2 a6 8. a4
Bd7 9. Rd1 Bc6 10. Nc3 Bxf3 11. Bxf3 Nc6 12. Bxc6 bxc6 13. Bg5 Rb8 14. Rac1 Nd5
15. Bxe7 Qxe7 16. Ne4 Qb4 17. Nc5 Ra8 18. Nd7 Rfe8 19. Qxc4 Qxb2 20. e4 Nb6 21.
Qxc6 Nxd7 22. Qxd7 Rad8 23. Qc6 h6 24. Qc4 Qb7 25. Qc6 Rb8 26. Qc2 Red8 27. Rb1
Qa7 28. Rxb8 Qxb8 29. a5 Qa7 30. Qc4 Qb7 31. d5 Rd6 32. Rd4 Kh7 33. Qc2 exd5 34.
Rxd5 Rxd5 35. exd5+ Kg8 36. Qc4 Kf8 37. h4 Qb1+ 38. Kg2 Qb7 39. Kh2 Kg8 40. Qc5
Qb2 41. Kh3 Qe5 42. Qc4 Qe1 43. Qxc7 Qh1+ 44. Kg4 Qe4+ 45. Kh3 1/2-1/2

[Event "54th Groningen Open 2016"]
[Site "Groningen NED"]
[Date "2016.12.27"]
[Round "6.11"]
[White "Kuipers, Stefan"]
[Black "Schoppen, Casper"]
[Result "0-1"]
[WhiteTitle "IM"]
[WhiteElo "2408"]
[BlackElo "2337"]
[WhiteFideId "1018400"]
[BlackFideId "1046730"]
[EventDate "2016.12.21"]

1. e4 e5 2. Nf3 Nc6 3. Bb5 a6 4. Ba4 Nf6 5. d3 b5 6. Bb3 Be7 7. a4 b4 8. Nbd2 d6
9. Nc4 O-O 10. h3 h6 11. O-O Be6 12. Be3 Nd7 13. a5 Bf6 14. Ba4 Ne7 15. Qe2 Ng6
16. Bc6 Rb8 17. Ba7 Nf4 18. Qd1 Ra8 19. Bxa8 Qxa8 20. Be3 Bxc4 21. dxc4 Qxe4 22.
b3 Qg6 23. Bxf4 exf4 24. Rb1 Qf5 25. Qd5 Qxd5 26. cxd5 Bc3 27. Rfd1 Nf6 28. Rd3
Re8 29. Kf1 Ne4 30. Rc1 Nc5 31. Rdd1 Nb7 32. Nd4 Nxa5 33. Ne2 Be5 34. Nd4 Ra8
35. c3 Rb8 36. Ra1 Bxd4 37. cxd4 Rb5 38. Rd3 Rxd5 39. Ke2 Nc6 40. Rxa6 Nxd4+ 41.
Kd1 c5 42. Ra8+ Kh7 43. Re8 Re5 44. Rd8 Nb5 45. Kc2 Nd4+ 46. Kd1 Re6 47. Rxd4
cxd4 48. Rb8 d3 49. Rxb4 g5 50. Rd4 Re2 51. Rxd3 Rxf2 52. Rd2 Rxd2+ 53. Kxd2 0-1

[Event "54th Groningen Open 2016"]
[Site "Groningen NED"]
[Date "2016.12.27"]
[Round "6.12"]
[White "Chu, Ruotong"]
[Black "Van Foreest, Lucas"]
[Result "0-1"]
[WhiteElo "2106"]
[BlackElo "2395"]
[WhiteFideId "8605653"]
[BlackFideId "1039792"]
[EventDate "2016.12.21"]

1. d4 Nf6 2. c4 b6 3. f3 Nc6 4. d5 Ne5 5. e4 e6 6. Nc3 Bc5 7. Be2 Ng6 8. f4 d6
9. b4 Bxg1 10. Rxg1 exd5 11. exd5 O-O 12. g4 Re8 13. f5 Ne5 14. Kf1 h6 15. Bf4
Nh7 16. Qc2 Qh4 17. Nb5 Qh3+ 18. Rg2 Ba6 19. Bxe5 Bxb5 20. Bf4 Bd7 21. Qd3 Qh4
22. Kg1 Re7 23. Rd1 Rae8 24. Bg3 Qf6 25. Bf1 Ng5 26. Bf4 Ba4 27. Rc1 Re4 28. Bd2
Qe5 29. Bc3 Qf4 30. Bd2 Nf3+ 31. Kh1 Nxd2 32. Qxd2 Qxd2 33. Rxd2 Rxg4 34. b5 Re3
35. Rb1 Rf4 36. Rd3 0-1

[Event "54th Groningen Open 2016"]
[Site "Groningen NED"]
[Date "2016.12.27"]
[Round "6.13"]
[White "Brink, Barry"]
[Black "Anwesh, Upadhyaya"]
[Result "0-1"]
[WhiteTitle "FM"]
[BlackTitle "IM"]
[WhiteElo "2299"]
[BlackElo "2386"]
[WhiteFideId "1009451"]
[BlackFideId "5028949"]
[EventDate "2016.12.21"]

1. d4 Nf6 2. c4 c6 3. Nf3 d5 4. Qc2 dxc4 5. Qxc4 Bg4 6. Nbd2 Nbd7 7. g3 e6 8.
Bg2 Be7 9. O-O Rc8 10. Ne5 Bh5 11. Nxd7 Nxd7 12. Nf3 Bg6 13. Rd1 Be4 14. Bf4 O-O
15. Ne5 Bxg2 16. Kxg2 Nf6 17. Rac1 Qb6 18. Rd3 a6 19. Rb3 Qa7 20. e4 Nxe4 21.
Nxf7 Kxf7 22. Re1 b5 23. Qe2 Qxd4 24. Rd3 Qxf2+ 0-1